000 00608nam a2200205 a 4500
005 20210219153721.0
008 010716s1990 mx r 000 0 spa d
020 _a9682928184
035 _aUPN01000109633
049 _aCG
050 4 _aF1219.1 Y8
_bR6.3
100 1 _aRodríguez Piña, Javier
245 1 0 _aGuerra de castas :
_bla venta de indios mayas a Cuba, 1848-1861 /
_cJavier Rodríguez Piña.
260 _aMéxico :
_bCNCA,
_c1990.
300 _a196 p.
440 0 _aRegiones
651 4 _aYUCATAN -
_xHISTORIA -
_yGUERRA DE CASTAS, 1847-1855
650 4 _aTRABAJO DE ESCLAVOS
905 _aLibro
999 _c83544
_d83544